Dr. Szent-Györgyi Albert népszerű előadása a C-vitaminról
Elmentve itt :
| Dokumentumtípus: | Cikk |
|---|---|
| Megjelent: |
1933-11-10
|
| Sorozat: | Délmagyarország
9 No. 255 |
| Kulcsszavak: | Szent-Györgyi Albert, C-vitamin, Tonelli Sándor |
| Online Access: | http://misc.bibl.u-szeged.hu/71642 |
| LEADER | 00524nab a2200157 i 4500 | ||
|---|---|---|---|
| 001 | misc71642 | ||
| 005 | 20240701150837.0 | ||
| 008 | 240701s1933 hu o 000 hun d | ||
| 040 | |a SZTE Miscellanea Repozitórium |b hun | ||
| 041 | |a hun | ||
| 245 | 0 | 0 | |a Dr. Szent-Györgyi Albert népszerű előadása a C-vitaminról |h [elektronikus dokumentum] |
| 260 | |c 1933-11-10 | ||
| 300 | |a 6 | ||
| 490 | 0 | |a Délmagyarország |v 9 No. 255 | |
| 561 | |a Szent-Györgyi Albertről szóló irodalom | ||
| 695 | |a Szent-Györgyi Albert, C-vitamin, Tonelli Sándor | ||